01818cam a2200457Ia 45000010008000000030004000080050017000120060019000290070015000480080041000630200018001040350026001220380012001480400029001600500028001890820015002171000027002322100059002592450145003182600053004634900049005165040051005655060043006165630014006596500050006736500039007236550034007627000026007967000026008227000027008487000028008757000027009037100022009307730045009528300057009978560127010549100034011819420012012159990017012279520116012447915274OSt20210827114723.0m d cr n 090618s2009 gw a sb 001 0 eng d a9783642260322 a(WaSeSS)ssj0000315760 akhadija aCaPaEBRcCaPaEBRdWaSeSS 4aQA76.76.I58bA38 2009eb a006.3bADV aRobu, Valentin.98177910aAdvances in agent-based complex automated negotiations00aAdvances in agent-based complex automated negotiationscTatayuki Ito, Minjie Zhang, Valentin Robu, Shaheen Fatima, and Tokuro Matsuo (eds.). aBerlin ;aHeidelberg :bSpringer-Verlag,cc2009.1 aStudies in computational intelligence ;v233 aIncludes bibliographical references and index. aLicense restrictions may limit access. apaperback 0aIntelligent agents (Computer software)918523 0aComputational intelligence.981264 7aElectronic books.2local96211 aIto, Tatayuki.9817801 aZhang, Minjie.9817811 aRobu, Valentin.9817791 aFatima, Shaheen.9817821 aMatsuo, Tokuro.9817832 aebrary, Inc.9622 0tSpringerLink ebooks - Engineering (2009) 0aStudies in computational intelligence ;v233.98126840uhttp://www.columbia.edu/cgi-bin/cul/resolve?clio7915274zFull text available from SpringerLink ebooks - Engineering (2009) aVendor-generated brief record 2ddccBK c32896d32896 00102ddc4070aSMMEbSMMEcGENd2015-12-09o006.3 ADVpSMME-1841r2018-03-29w2015-12-09yBKzRack,51-Shelf,4